[Event "FIDE Women's Grand Prix Chengdu"]
[Site "Chengdu CHN"]
[Date "2016.07.12"]
[EventDate "2016.07.01"]
[Round "9"]
[Result "1/2-1/2"]
[White "Pia Cramling"]
[Black "Antoaneta Stefanova"]
[WhiteElo "2463"]
[BlackElo "2512"]
[PlyCount "94"]

1. d4 d5 2. Nf3 Nf6 3. c4 c6 4. Nc3 a6 5. a4 e6 6. g3 Bb4
7. Bg2 Nbd7 8. O-O O-O 9. Qc2 a5 10. Bf4 dxc4 11. Na2 Nb6
12. Nxb4 axb4 13. Bd2 b3 14. Qc1 Nfd5 15. e4 c3 16. Bxc3 Nxc3
17. Qxc3 Rxa4 18. Rxa4 Nxa4 19. Qxb3 Nb6 20. Rd1 Na8 21. Ne5
Nc7 22. h3 Nb5 23. d5 Qc7 24. Nf3 Rd8 25. Rc1 Qb6 26. Bf1 h6
27. dxc6 bxc6 28. Ne5 Bd7 29. Bxb5 cxb5 30. Nxd7 Rxd7 31. Qb4
Kh7 32. h4 Rd3 33. Kg2 Qd4 34. Qxd4 Rxd4 35. e5 g5 36. hxg5
hxg5 37. Kf3 g4+ 38. Ke3 Rb4 39. Rc2 Kg6 40. Kd3 Kf5 41. Rc7
Rxb2 42. Rxf7+ Kxe5 43. Rf4 Kd5 44. Ke3 Rb3+ 45. Ke2 Rb2+
46. Ke3 Rb3+ 47. Ke2 Rb2+ 1/2-1/2

[Event "FIDE Women's Grand Prix Chengdu"]
[Site "Chengdu CHN"]
[Date "2016.07.13"]
[EventDate "2016.07.01"]
[Round "10"]
[Result "1/2-1/2"]
[White "Antoaneta Stefanova"]
[Black "Anna Muzychuk"]
[WhiteElo "2512"]
[BlackElo "2545"]
[PlyCount "49"]

1. c4 c6 2. e4 d5 3. exd5 cxd5 4. d4 Nf6 5. Nc3 Nc6 6. Nf3 Bg4
7. cxd5 Nxd5 8. Qb3 Bxf3 9. gxf3 e6 10. Qxb7 Nxd4 11. Bb5+
Nxb5 12. Qc6+ Ke7 13. Qxb5 Qd7 14. Nxd5+ Qxd5 15. Bg5+ f6
16. Qxd5 exd5 17. Be3 Kf7 18. O-O-O Rd8 19. Rd3 Rd7 20. Rhd1
Ke6 21. Re1 Kf5 22. Red1 Ke6 23. Re1 Kf5 24. Red1 Ke6 25. Re1
1/2-1/2

[Event "FIDE Women's Grand Prix Chengdu"]
[Site "Chengdu CHN"]
[Date "2016.07.14"]
[EventDate "2016.07.01"]
[Round "11"]
[Result "1-0"]
[White "Koneru Humpy"]
[Black "Antoaneta Stefanova"]
[WhiteElo "2575"]
[BlackElo "2512"]
[PlyCount "129"]

1. d4 d5 2. c4 c6 3. Nc3 Nf6 4. e3 e6 5. Nf3 a6 6. c5 b6
7. cxb6 Qxb6 8. Bd3 a5 9. Na4 Qa7 10. O-O Nbd7 11. b3 Ba6
12. Bxa6 Qxa6 13. Qc2 Bd6 14. Bb2 O-O 15. Ne5 Rfc8 16. Nd3 Qa7
17. Rfc1 Qb8 18. h3 Ne4 19. Qd1 Ra7 20. Rc2 Rac7 21. Rac1 Qa7
22. Qe1 f5 23. f3 Bg3 24. Qe2 Nd6 25. Ndc5 Nxc5 26. Nxc5 Re7
27. Nd3 Rec7 28. Ba3 Nb7 29. Bc5 Qa6 30. Qd1 Re8 31. f4 Bh4
32. a4 Bf6 33. Ba3 Nd8 34. Bd6 Rc8 35. Qd2 Nf7 36. Ba3 Rc7
37. Kh2 Qb6 38. Rc3 Rec8 39. Qc2 Nd8 40. Bc5 Qa6 41. Bd6 Ra7
42. Nc5 Qb6 43. Nxe6 Nxe6 44. Qxf5 Re8 45. Rxc6 Qxb3 46. R1c3
Qb7 47. Qxd5 Qf7 48. Rc8 Nd8 49. Qb5 Bh4 50. Be5 Qg6 51. f5
Qf7 52. R3c7 Rxc7 53. Rxc7 Be7 54. e4 Qf8 55. Rc8 Bd6 56. Qd5+
Nf7 57. Rxe8 Qxe8 58. Bxd6 h5 59. e5 Qxa4 60. e6 Nxd6 61. e7+
Nf7 62. Qa8+ Kh7 63. e8=Q Qxd4 64. Qg8+ Kh6 65. Qc6+ 1-0

[Event "Chinese Chess League"]
[Site "CHN"]
[Date "2016.07.24"]
[EventDate "2016.04.12"]
[Round "9.3"]
[Result "1/2-1/2"]
[White "Yuze Xu"]
[Black "Antoaneta Stefanova"]
[WhiteElo "1812"]
[BlackElo "2512"]
[PlyCount "159"]

1. e4 g6 2. d4 Bg7 3. c4 d6 4. Nc3 Nc6 5. Be3 e5 6. d5 Nd4
7. Nge2 Nxe2 8. Bxe2 f5 9. exf5 Bxf5 10. Bd3 Nf6 11. Qc2 Qd7
12. f3 O-O 13. O-O b6 14. Ne4 Bxe4 15. Bxe4 a5 16. b3 Qe7
17. Bg5 Rf7 18. Bxf6 Qxf6 19. g3 Bh6 20. Qd3 Qg5 21. a4 Qh5
22. Kg2 Bg5 23. Rh1 Qh6 24. Rae1 Bd2 25. Re2 Bb4 26. Qe3 Qg7
27. Qg5 Raf8 28. Rf1 Rf6 29. h3 Bc5 30. Rh1 Bd4 31. Rf1 Kf7
32. h4 h5 33. Rh1 Ke7 34. Rf1 Kd7 35. Rh1 Kc8 36. Rb1 Bc5
37. Rf1 Qf7 38. Rc2 Rg8 39. Kh2 Rf8 40. Kg2 Qh7 41. Re2 Qg7
42. Kh2 Qf7 43. Kg2 Kb7 44. Rc2 Rg8 45. Kh2 Rg7 46. Re2 Bd4
47. Rg2 Qf8 48. Re2 Bc5 49. Rc2 Rgf7 50. Kg2 Qg7 51. Kh2 Rf8
52. Re2 Qh7 53. Rg2 Qg7 54. Re2 R8f7 55. Rc2 Kc8 56. Re2 Bd4
57. Rc2 Qh7 58. Rg2 Kb7 59. Re2 Rf8 60. Rg2 Qf7 61. Re2 Rg8
62. Rg2 Rg7 63. Re2 Bc5 64. Rg2 Qf8 65. Re2 Rgf7 66. Kg2 Qg7
67. Kh2 Bd4 68. Rc2 Bc5 69. Re2 Rf8 70. Rg2 Rh8 71. Re2 Rg8
72. Rg2 Qf7 73. Re2 Rg7 74. Rg2 Bd4 75. Re2 Qf8 76. Rc2 Bc5
77. Re2 Rff7 78. Rg2 Rf6 79. Re2 Rgf7 80. Kg2 1/2-1/2

[Event "Chinese Chess League"]
[Site "CHN"]
[Date "2016.07.25"]
[EventDate "2016.04.12"]
[Round "10.5"]
[Result "1-0"]
[White "Antoaneta Stefanova"]
[Black "Tan Zhongyi"]
[WhiteElo "2512"]
[BlackElo "2518"]
[PlyCount "89"]

1. d4 Nf6 2. Nf3 e6 3. e3 c5 4. Bd3 b6 5. O-O Bb7 6. c4 Be7
7. Nc3 d6 8. d5 e5 9. Nd2 O-O 10. f4 Nbd7 11. g4 a6 12. a4 Ne8
13. Nde4 Nc7 14. Qf3 b5 15. b3 exf4 16. exf4 Bf6 17. Nxf6+
Qxf6 18. Ra2 bxc4 19. bxc4 Qd4+ 20. Raf2 f5 21. Bb2 fxg4
22. Qg3 Qf6 23. Qxg4 Bc8 24. Ne4 Qh6 25. Rg2 Ne5 26. Qxg7+
Qxg7 27. Rxg7+ Kxg7 28. Nxd6 Ne8 29. Bxe5+ Kh6 30. Nxc8 Rxc8
31. Rf3 Nf6 32. Rh3+ Nh5 33. d6 a5 34. d7 Rcd8 35. Be2 Rf5
36. Bg4 Rxd7 37. Rxh5+ Rxh5 38. Bxd7 Rh4 39. Kg2 Kg6 40. Kg3
Rh6 41. Be6 Rh5 42. h4 Kh6 43. Kg4 Kg6 44. f5+ Kh6 45. Bf4+
1-0

[Event "Chinese Chess League"]
[Site "CHN"]
[Date "2016.07.26"]
[EventDate "2016.04.12"]
[Round "11.2"]
[Result "1-0"]
[White "Ju Wenjun"]
[Black "Antoaneta Stefanova"]
[WhiteElo "2568"]
[BlackElo "2512"]
[PlyCount "137"]

1. d4 d5 2. c4 c6 3. Nf3 Nf6 4. Nc3 a6 5. e3 g6 6. Be2 Bg7
7. a4 a5 8. cxd5 cxd5 9. b3 Nc6 10. Ba3 Bg4 11. O-O Bxf3
12. Bxf3 O-O 13. Rc1 Qd7 14. Ne2 Rfc8 15. Nf4 e6 16. Nd3 Ne8
17. Qd2 b6 18. Bb2 Qd6 19. Rc2 Rc7 20. Rfc1 Rac8 21. Be2 Nf6
22. f3 Nd7 23. Nf2 Nb4 24. Rxc7 Rxc7 25. Bb5 Bf8 26. e4 Na2
27. Rc2 Bh6 28. Qd1 Nf8 29. e5 Qd8 30. g3 Qc8 31. Rxc7 Qxc7
32. Ng4 Bg5 33. f4 Be7 34. Qa1 Qc2 35. Qxa2 Qd1+ 36. Kg2 Qxg4
37. Qb1 Qh5 38. Qc2 Bb4 39. Be2 Qh6 40. Bc1 Qg7 41. Qc6 g5
42. f5 exf5 43. Qxd5 Ne6 44. Qc4 h6 45. Bb2 Qf8 46. d5 Qa8
47. Kf1 Bc5 48. Bf3 Nc7 49. Bg2 Qa6 50. Ke2 Qxc4+ 51. bxc4 Kg7
52. h3 Kg6 53. d6 Ne6 54. Bd5 Nd8 55. Kd3 h5 56. Bd4 Kh6
57. d7 Kg6 58. Bc3 Be7 59. Bb2 Bc5 60. Bd4 h4 61. gxh4 gxh4
62. Bc3 Be7 63. Be1 Ne6 64. Bxe6 fxe6 65. c5 bxc5 66. Bxa5 f4
67. d8=Q Bxd8 68. Bxd8 Kf5 69. a5 1-0

[Event "Chess Olympiad (Women)"]
[Site "Tromso NOR"]
[Date "2016.09.09"]
[EventDate "?"]
[Round "7.13"]
[Result "0-1"]
[White "Diana Baciu"]
[Black "Antoaneta Stefanova"]
[WhiteElo "2279"]
[BlackElo "2515"]
[PlyCount "98"]

1. e4 e5 2. Nf3 Nc6 3. Bc4 Bc5 4. c3 Nf6 5. d3 d6 6. h3 h6
7. Bb3 a5 8. Nbd2 Be6 9. Ba4 Bd7 10. Nc4 O-O 11. O-O Re8
12. a3 Ne7 13. Bxd7 Qxd7 14. d4 exd4 15. cxd4 Ba7 16. e5 dxe5
17. dxe5 Qxd1 18. Rxd1 Ne4 19. Be3 b5 20. Bxa7 Rxa7 21. Ne3
Ng6 22. Nd4 Rb7 23. Nc6 a4 24. Rac1 Nxe5 25. Nxe5 Rxe5
26. Rd8+ Kh7 27. Rd7 f5 28. f4 Rc5 29. Rxc5 Nxc5 30. Re7 Kg6
31. Nd5 Nd3 32. g4 Nxb2 33. Rxc7 Rxc7 34. Nxc7 b4 35. Nb5 bxa3
36. Nxa3 Nd3 37. Kg2 Nxf4+ 38. Kg3 Nd3 39. Kf3 Kf6 40. gxf5
Kxf5 41. Kg3 Ne5 42. h4 g6 43. Nb5 Nc4 44. Kf3 a3 45. Nc3 Nd6
46. Na2 h5 47. Nc3 Ke5 48. Kg2 Kd4 49. Na2 Nf5 0-1

[Event "Chess Olympiad (Women)"]
[Site "Tromso NOR"]
[Date "2016.09.10"]
[EventDate "2016.09.02"]
[Round "8.9"]
[Result "1-0"]
[White "Antoaneta Stefanova"]
[Black "Martha Lorena Fierro Baquero"]
[WhiteElo "2515"]
[BlackElo "2369"]
[PlyCount "75"]

1. d4 Nf6 2. Nf3 g6 3. g3 Bg7 4. Bg2 O-O 5. O-O d6 6. b3 c5
7. c4 cxd4 8. Nxd4 Nc6 9. Bb2 Bd7 10. Nc3 Qa5 11. e3 Rfc8
12. h3 Rab8 13. a3 a6 14. Rc1 Qd8 15. Nce2 Na5 16. Qd3 b5
17. cxb5 axb5 18. Rxc8 Qxc8 19. Rc1 Qd8 20. Bc3 e5 21. Bxa5
Qxa5 22. b4 Qd8 23. Nc6 Bxc6 24. Bxc6 d5 25. Rc5 Bf8 26. Rxb5
Rxb5 27. Qxb5 h5 28. Kg2 Qd6 29. Bb7 Kg7 30. Qc6 Qd8 31. Ba6
Be7 32. Bd3 Qb8 33. Nc3 e4 34. Bf1 Qe5 35. Nb5 Qb2 36. Qc7 Bf8
37. Qc3 Qa2 38. Nc7 1-0

[Event "Chess Olympiad (Women)"]
[Site "Tromso NOR"]
[Date "2016.09.11"]
[EventDate "2016.09.02"]
[Round "9.6"]
[Result "1/2-1/2"]
[White "Hoang Thanh Trang"]
[Black "Antoaneta Stefanova"]
[WhiteElo "2467"]
[BlackElo "2515"]
[PlyCount "95"]

1. d4 d5 2. c4 c6 3. Nf3 e6 4. Qc2 dxc4 5. Qxc4 Nf6 6. g3 b5
7. Qd3 a6 8. Bg2 c5 9. Ne5 c4 10. Qc2 Nd5 11. O-O Bb7 12. Nc3
Nb4 13. Qd1 Bxg2 14. Kxg2 Ra7 15. a4 Rb7 16. axb5 axb5 17. b3
cxb3 18. e3 N8c6 19. Nxc6 Nxc6 20. Qxb3 b4 21. d5 exd5
22. Nxd5 Bd6 23. Rd1 O-O 24. Bb2 Be5 25. Ra6 Bxb2 26. Rxc6 Rd7
27. e4 Ba3 28. Rc4 Kh8 29. Ra1 f5 30. Nxb4 Bxb4 31. Qxb4 fxe4
32. Rxe4 Rdf7 33. f4 Qd5 34. Qc4 Qb7 35. Qb4 Qd5 36. Kg1 h6
37. Rae1 Kh7 38. Qd4 Rd8 39. Qxd5 Rxd5 40. R1e2 g5 41. Kg2
gxf4 42. gxf4 Rd3 43. Re7 Rxe7 44. Rxe7+ Kg6 45. Re5 Ra3
46. Kf2 Rh3 47. Kg2 Ra3 48. Kf2 1/2-1/2

[Event "Chess Olympiad (Women)"]
[Site "Tromso NOR"]
[Date "2016.09.12"]
[EventDate "2016.09.02"]
[Round "10.7"]
[Result "1/2-1/2"]
[White "Antoaneta Stefanova"]
[Black "Elisabeth Paehtz"]
[WhiteElo "2515"]
[BlackElo "2474"]
[PlyCount "101"]

1. d4 d5 2. Nf3 c6 3. Bf4 Qb6 4. Qc1 Nf6 5. h3 Bf5 6. e3 e6
7. a3 Nbd7 8. Nh4 Be4 9. f3 Bg6 10. Nxg6 hxg6 11. Bd3 c5
12. c3 Bd6 13. Bxd6 Qxd6 14. Qd2 g5 15. Qf2 Qb6 16. b4 cxd4
17. cxd4 Rc8 18. O-O Qc7 19. Ra2 O-O 20. Rc2 Qb8 21. Rfc1 g6
22. Nc3 Kg7 23. Ne2 Rxc2 24. Rxc2 Rc8 25. Rxc8 Qxc8 26. Qg3
Qc6 27. b5 Qb6 28. Qe1 Qc7 29. Qd2 Nb6 30. Qa5 Qb8 31. e4 dxe4
32. fxe4 g4 33. e5 Nfd5 34. hxg4 Qd8 35. Qe1 Qe7 36. Qc1 Qh4
37. g5 Na4 38. g3 Qh3 39. Kf2 Qh2+ 40. Kf3 Qh3 41. Be4 Nab6
42. Kf2 Qg4 43. Nf4 Nxf4 44. Qxf4 Qd1 45. Bxb7 Qc2+ 46. Kg1
Qb1+ 47. Qf1 Qb3 48. Qf3 Qb1+ 49. Qf1 Qb3 50. Qf3 Qb1+ 51. Qf1
1/2-1/2

[Event "Chess Olympiad (Women)"]
[Site "Tromso NOR"]
[Date "2016.09.13"]
[EventDate "2016.09.02"]
[Round "11.3"]
[Result "1-0"]
[White "Anna Muzychuk"]
[Black "Antoaneta Stefanova"]
[WhiteElo "2550"]
[BlackElo "2515"]
[PlyCount "91"]

1. e4 e5 2. Nf3 Nc6 3. d4 exd4 4. Nxd4 Qf6 5. Nb3 Qg6 6. f3
Nf6 7. Bf4 d5 8. exd5 Nb4 9. Bb5+ Bd7 10. Qe2+ Kd8 11. O-O
Nfxd5 12. Bxd7 Kxd7 13. Rd1 Re8 14. Qf2 Kc8 15. Qxa7 Re2
16. Bg3 Qb6+ 17. Qxb6 Nxb6 18. Rd2 Rxd2 19. N1xd2 c6 20. Re1
Kd8 21. a3 Nxc2 22. Re2 c5 23. Ne4 Nd4 24. Nxd4 cxd4 25. Ng5
d3 26. Nxf7+ Kc8 27. Rd2 Bc5+ 28. Bf2 Bxf2+ 29. Kxf2 Rf8
30. Nd6+ Kb8 31. Rxd3 Rd8 32. Ke2 Na4 33. b4 Nb2 34. Rd4 Nc4
35. Rxc4 Rxd6 36. a4 b6 37. f4 g6 38. g4 Rf6 39. Ke3 Kb7
40. h4 Rf7 41. Ke4 Re7+ 42. Kd5 b5 43. axb5 Kb6 44. f5 gxf5
45. gxf5 Kxb5 46. Rf4 1-0

[Event "Beautiful Minds"]
[Site "Munich GER"]
[Date "2016.11.26"]
[EventDate "2016.11.26"]
[Round "1.1"]
[Result "1/2-1/2"]
[White "Antoaneta Stefanova"]
[Black "Nigel Short"]
[WhiteElo "2512"]
[BlackElo "2679"]
[PlyCount "99"]

1. d4 e6 2. Nf3 c5 3. e3 Nf6 4. Bd3 d5 5. b3 b6 6. O-O Bb7
7. Bb2 Nbd7 8. c4 Be7 9. Nc3 O-O 10. Qe2 dxc4 11. bxc4 cxd4
12. exd4 Re8 13. Rfd1 Qc7 14. Ne5 Nxe5 15. dxe5 Nd7 16. Nb5
Qc6 17. f3 Nc5 18. Bc2 Red8 19. Rxd8+ Bxd8 20. Rd1 Be7 21. Rd4
Ba6 22. Kh1 Bxb5 23. cxb5 Qc7 24. h4 Rd8 25. h5 Rxd4 26. Bxd4
g6 27. hxg6 hxg6 28. Qc4 Qd8 29. g3 Nd7 30. Be4 Bc5 31. f4 Nf6
32. Bxc5 Nxe4 33. Qxe4 bxc5 34. Qc4 Qd2 35. Qxc5 Qxa2 36. Kg1
Kg7 37. Qb4 Qe2 38. Qe7 Qxb5 39. Qxa7 Qd3 40. Kg2 Qe4+ 41. Kf2
g5 42. Qe3 Qc2+ 43. Kf3 Qd1+ 44. Kf2 Qh5 45. fxg5 Kg6 46. Qe4+
Kxg5 47. Qf4+ Kg6 48. Qf6+ Kh7 49. g4 Qxg4 50. Qxf7+ 1/2-1/2

[Event "Beautiful Minds"]
[Site "Munich GER"]
[Date "2016.11.26"]
[EventDate "2016.11.26"]
[Round "2.6"]
[Result "1/2-1/2"]
[White "Antoaneta Stefanova"]
[Black "Markus Ragger"]
[WhiteElo "2512"]
[BlackElo "2694"]
[PlyCount "55"]

1. Nf3 Nf6 2. b3 g6 3. Bb2 Bg7 4. g3 b6 5. Bg2 Bb7 6. O-O O-O
7. c4 c5 8. e3 e6 9. Qe2 d5 10. Ne5 Nfd7 11. f4 Nxe5 12. fxe5
Nc6 13. cxd5 exd5 14. d4 f6 15. exf6 Rxf6 16. Rxf6 Qxf6
17. Bxd5+ Kh8 18. Nd2 Re8 19. Qg2 Qe7 20. Bxc6 Bxc6 21. Qxc6
Qxe3+ 22. Kh1 Rf8 23. Nc4 Qe2 24. Qg2 Rf2 25. Qa8+ Rf8 26. Qg2
Rf2 27. Qa8+ Rf8 28. Qg2 1/2-1/2

[Event "Beautiful Minds"]
[Site "Munich GER"]
[Date "2016.11.26"]
[EventDate "2016.11.26"]
[Round "3.2"]
[Result "1/2-1/2"]
[White "Gerald Hertneck"]
[Black "Antoaneta Stefanova"]
[WhiteElo "2478"]
[BlackElo "2512"]
[PlyCount "95"]

1. d4 d5 2. c4 c6 3. Nf3 Nf6 4. Nc3 a6 5. e3 e6 6. a3 Nbd7
7. b4 g6 8. cxd5 exd5 9. Bd3 Bg7 10. a4 O-O 11. O-O Re8
12. Qc2 a5 13. Ba3 axb4 14. Bxb4 b6 15. Rfd1 Ba6 16. Bxa6 Rxa6
17. Ne1 c5 18. Ba3 Qa8 19. Bb2 Rc8 20. Qb3 c4 21. Qc2 Ne8
22. f3 f5 23. e4 fxe4 24. fxe4 dxe4 25. Nxe4 Qd5 26. Nf3 Nd6
27. Nxd6 Qxd6 28. d5 Bxb2 29. Qxb2 c3 30. Qc2 Ra5 31. Rd3 Rac5
32. Re1 Rc4 33. Ree3 Qb4 34. d6 Qb2 35. Ne1 Qxc2 36. Nxc2 Rxa4
37. Rxc3 Rxc3 38. Rxc3 Kf8 39. Rc7 Ke8 40. Kf2 Rf4+ 41. Ke3
Rf6 42. Rc6 Ne5 43. Rc8+ Kd7 44. Rc7+ Kxd6 45. Rxh7 b5 46. Rh8
Nc4+ 47. Kd3 Rf2 48. Nd4 1/2-1/2

[Event "Beautiful Minds"]
[Site "Munich GER"]
[Date "2016.11.26"]
[EventDate "2016.11.26"]
[Round "4.5"]
[Result "0-1"]
[White "Antoaneta Stefanova"]
[Black "Francisco Vallejo Pons"]
[WhiteElo "2512"]
[BlackElo "2716"]
[PlyCount "130"]

1. d4 d5 2. Bf4 Nf6 3. e3 c5 4. Nc3 a6 5. dxc5 Nc6 6. Nf3 Bg4
7. Be2 e6 8. h3 Bxf3 9. Bxf3 Bxc5 10. O-O Bd6 11. g3 O-O
12. Ne2 Rc8 13. c3 Be7 14. Nd4 Na5 15. Qe2 Nc4 16. Nb3 h6
17. g4 Bd6 18. g5 Nh7 19. gxh6 g6 20. Bxd6 Nxd6 21. Bg2 Qh4
22. Qg4 Qxh6 23. Nd2 Nc4 24. Nf3 Nf6 25. Qd4 Ne4 26. b3 Na3
27. Qb6 Nxc3 28. Qxb7 Nc2 29. Rac1 Nxa2 30. Rxc2 Rxc2 31. Qxa6
Nc1 32. Nd4 Ra2 33. Qb5 Rc8 34. Nc6 Ne2+ 35. Kh1 Qf8 36. Nb4
Rb8 37. Qxb8 Qxb8 38. Nxa2 Qc7 39. Bf3 Qc2 40. Nb4 Qd2 41. Nc6
Nc1 42. Nd4 e5 43. Nc6 e4 44. Bg2 Nxb3 45. Ne5 Kg7 46. Kg1 Qc3
47. Ng4 Nd2 48. Rd1 Qc2 49. Re1 Nb3 50. Nh2 Nc1 51. Rf1 f5
52. Bh1 Ne2+ 53. Kg2 d4 54. exd4 Nf4+ 55. Kg3 Qc7 56. h4 Kh6
57. d5 Nxd5+ 58. Kg2 Nf4+ 59. Kg1 Ne2+ 60. Kg2 Qc2 61. Re1
Nf4+ 62. Kg3 Nd3 63. Rf1 Qd2 64. Bxe4 Qf4+ 65. Kh3 Qxe4 0-1

[Event "Beautiful Minds"]
[Site "Munich GER"]
[Date "2016.11.26"]
[EventDate "2016.11.26"]
[Round "5.3"]
[Result "1-0"]
[White "Anna Muzychuk"]
[Black "Antoaneta Stefanova"]
[WhiteElo "2561"]
[BlackElo "2512"]
[PlyCount "89"]

1. e4 g6 2. Nc3 Bg7 3. f4 c5 4. Nf3 Nc6 5. g3 Rb8 6. Bg2 b5
7. d3 b4 8. Ne2 d5 9. exd5 Qxd5 10. O-O Bb7 11. Ne5 Qd6
12. Nc4 Qd7 13. c3 Nd8 14. Bxb7 Rxb7 15. Be3 Ne6 16. Ne5 Qb5
17. c4 Qa6 18. d4 cxd4 19. Nxd4 Nxd4 20. Bxd4 Nh6 21. Qf3 Nf5
22. Bf2 O-O 23. Rfd1 Rc7 24. b3 Qc8 25. Rd3 Nd6 26. Rad1 Qa6
27. R1d2 f6 28. Qd5+ Kh8 29. Nf3 Qb7 30. Re2 h6 31. Qxb7 Rxb7
32. Bc5 Rd8 33. Bxd6 Rxd6 34. Rxd6 exd6 35. f5 gxf5 36. Nd4 d5
37. cxd5 Rd7 38. Re8+ Kh7 39. Ne6 h5 40. d6 Rxd6 41. Re7 Ra6
42. Nxg7 Kg6 43. Ne6 Rxa2 44. Nf8+ Kg5 45. Rg7+ 1-0

[Event "Beautiful Minds"]
[Site "Munich GER"]
[Date "2016.11.26"]
[EventDate "2016.11.26"]
[Round "6.4"]
[Result "1/2-1/2"]
[White "Antoaneta Stefanova"]
[Black "Sabrina Vega Gutierrez"]
[WhiteElo "2512"]
[BlackElo "2409"]
[PlyCount "60"]

1. d4 d5 2. Nf3 Nf6 3. e3 c6 4. Bd3 Bg4 5. h3 Bh5 6. g4 Bg6
7. Ne5 Bxd3 8. cxd3 Nfd7 9. Qf3 f6 10. Nxd7 Nxd7 11. e4 e5
12. exd5 Qa5+ 13. Bd2 Qxd5 14. Qxd5 cxd5 15. Nc3 exd4 16. Nb5
Kf7 17. Nxd4 Bc5 18. Nb3 Rhe8+ 19. Kf1 Bb6 20. Bc3 Ne5 21. Rd1
Nc6 22. d4 Re7 23. Kg2 Rae8 24. Rd3 Re2 25. Rhd1 Nd8 26. R3d2
R2e7 27. Bb4 Rc7 28. Nc5 Ne6 29. Nxe6 Rxe6 30. Bc3 Rce7
1/2-1/2

[Event "Beautiful Minds"]
[Site "Munich GER"]
[Date "2016.11.27"]
[EventDate "2016.11.26"]
[Round "7.4"]
[Result "1/2-1/2"]
[White "Michael Bezold"]
[Black "Antoaneta Stefanova"]
[WhiteElo "2502"]
[BlackElo "2512"]
[PlyCount "118"]

1. c4 g6 2. g3 Bg7 3. Bg2 e5 4. Nc3 d6 5. e4 Nc6 6. Nge2 Nge7
7. d3 O-O 8. Be3 Nd4 9. O-O Be6 10. Nd5 c6 11. Nxe7+ Qxe7
12. Qd2 f5 13. Nxd4 exd4 14. Bg5 Qd7 15. Rae1 Rae8 16. b3 fxe4
17. dxe4 c5 18. a4 b6 19. Qd3 a6 20. Bd2 Rb8 21. f4 b5
22. axb5 axb5 23. Ra1 bxc4 24. bxc4 Rb2 25. Rfb1 Rxb1+
26. Rxb1 Qa7 27. Qb3 Qa6 28. Bf1 Ra8 29. Rb2 d3 30. e5 dxe5
31. Qxd3 e4 32. Qb1 Bxb2 33. Qxb2 Bxc4 34. Bxc4+ Qxc4 35. Be3
Rd8 36. Kg2 Qd5 37. Qb6 Ra8 38. g4 Rc8 39. Qf6 Qd7 40. f5 gxf5
41. Qg5+ Kf8 42. Qf6+ Kg8 43. Qg5+ Qg7 44. Qxf5 Re8 45. h3 c4
46. Qd5+ Qf7 47. Qg5+ Qg6 48. Qd5+ Qe6 49. Qg5+ Kf7 50. Qh5+
Qg6 51. Qd5+ Qe6 52. Qh5+ Ke7 53. Qxh7+ Kd6 54. Qb7 Qc8
55. Bf4+ Kc5 56. Be3+ Kd6 57. Bf4+ Kc5 58. Be3+ Kd6 59. Bf4+
Kc5 1/2-1/2

[Event "Beautiful Minds"]
[Site "Munich GER"]
[Date "2016.11.27"]
[EventDate "2016.11.26"]
[Round "8.3"]
[Result "1-0"]
[White "Antoaneta Stefanova"]
[Black "Stefan E S Kindermann"]
[WhiteElo "2512"]
[BlackElo "2509"]
[PlyCount "53"]

1. d4 f5 2. g3 Nf6 3. Bg2 g6 4. Nf3 Bg7 5. O-O O-O 6. c4 d6
7. Nc3 c6 8. Rb1 a5 9. Qb3 Kh8 10. Na4 Ra6 11. Rd1 Qc7 12. d5
Ne4 13. Nd4 e5 14. dxe6 Qe7 15. Bf4 c5 16. Nb5 Rd8 17. Bxe4
fxe4 18. Nxc5 dxc5 19. Rxd8+ Qxd8 20. Rd1 Qe7 21. Bxb8 Bxe6
22. Bd6 Qf7 23. Bxc5 Ra8 24. Nd6 Qc7 25. Bd4 Bxd4 26. Rxd4 Kg8
27. Qc3 1-0

[Event "Beautiful Minds"]
[Site "Munich GER"]
[Date "2016.11.27"]
[EventDate "2016.11.26"]
[Round "9.5"]
[Result "1/2-1/2"]
[White "Stefan Bromberger"]
[Black "Antoaneta Stefanova"]
[WhiteElo "2535"]
[BlackElo "2512"]
[PlyCount "67"]

1. e4 g6 2. d4 Bg7 3. Nf3 c6 4. Nc3 d6 5. Bc4 b5 6. Bb3 a5
7. a4 b4 8. Ne2 Nf6 9. e5 Nd5 10. Nf4 Nxf4 11. Bxf4 d5 12. h3
Bf5 13. g4 Be4 14. O-O Bxf3 15. Qxf3 Nd7 16. c4 bxc3 17. bxc3
O-O 18. c4 e6 19. cxd5 cxd5 20. Rab1 Rc8 21. Qe2 Nb6 22. Rfc1
Nc4 23. Bxc4 dxc4 24. Rxc4 Qd5 25. Rbc1 Rxc4 26. Rxc4 h6
27. Be3 Rb8 28. Rc1 Bf8 29. Qc4 Qf3 30. Kh2 Rb2 31. Rc2 Rb1
32. Rc1 Rb2 33. Rc2 Rb1 34. Rc1 1/2-1/2

[Event "Beautiful Minds"]
[Site "Munich GER"]
[Date "2016.11.27"]
[EventDate "2016.11.26"]
[Round "10.2"]
[Result "1/2-1/2"]
[White "Antoaneta Stefanova"]
[Black "Mariya Muzychuk"]
[WhiteElo "2512"]
[BlackElo "2532"]
[PlyCount "122"]

1. d4 Nf6 2. Nf3 e6 3. e3 c5 4. Bd3 Nc6 5. O-O d5 6. b3 Bd6
7. Bb2 cxd4 8. exd4 O-O 9. a3 Bd7 10. Re1 Qb6 11. Nbd2 g6
12. c4 Bf4 13. c5 Qc7 14. b4 a6 15. Ne5 Nh5 16. Ndf3 f6
17. Nxd7 Qxd7 18. g3 Bc7 19. Qb3 Rae8 20. b5 axb5 21. Bxb5 Qf7
22. Qc2 Ra8 23. a4 Ba5 24. Re2 Rfc8 25. Qb3 b6 26. Rc1 bxc5
27. Rxc5 Na7 28. Rxc8+ Rxc8 29. Bd3 Ng7 30. Ba3 Qc7 31. Rc2
Rb8 32. Qa2 Qb7 33. Rb2 Qc7 34. Bc5 Ne8 35. Qb1 Rxb2 36. Qxb2
Nd6 37. Qe2 Kf7 38. Qe3 Nc6 39. Qh6 Kg8 40. Bxg6 Bb4 41. Bd3
Bxc5 42. dxc5 Ne4 43. Qe3 f5 44. Bxe4 dxe4 45. Nd4 Ne5
46. Qg5+ Kf7 47. Qh5+ Kf6 48. Qe8 Nf3+ 49. Nxf3 exf3 50. Qf8+
Ke5 51. Qd6+ Qxd6 52. cxd6 Kxd6 53. Kf1 Kc5 54. Ke1 e5 55. Kd2
h5 56. Ke3 e4 57. h3 Kb4 58. g4 fxg4 59. hxg4 hxg4 60. Kxe4 g3
61. Kxf3 gxf2 1/2-1/2

[Event "Beautiful Minds"]
[Site "Munich GER"]
[Date "2016.11.27"]
[EventDate "2016.11.26"]
[Round "11.6"]
[Result "0-1"]
[White "Dorsa Derakhshani"]
[Black "Antoaneta Stefanova"]
[WhiteElo "2370"]
[BlackElo "2512"]
[PlyCount "58"]

1. e4 g6 2. d4 Bg7 3. Nc3 d6 4. f4 Nf6 5. Nf3 O-O 6. Bd3 Na6
7. O-O c5 8. d5 Bg4 9. Bc4 Nc7 10. a4 Nd7 11. h3 Bxf3 12. Qxf3
a6 13. Qd3 Kh8 14. Be3 f5 15. exf5 gxf5 16. Bf2 Bf6 17. Rae1
Qe8 18. Nd1 Nb6 19. Ne3 Nxa4 20. Nxf5 Nxb2 21. Qe4 Nxc4
22. Qxc4 Qf7 23. Rd1 a5 24. g4 a4 25. c3 b5 26. Qd3 a3 27. Rd2
Ra4 28. Be3 b4 29. cxb4 a2 0-1

[Event "World Rapid Championship (Women)"]
[Site "Doha QAT"]
[Date "2016.12.26"]
[EventDate "2016.12.26"]
[Round "1.4"]
[Result "1-0"]
[White "Sarasadat Khademalsharieh"]
[Black "Antoaneta Stefanova"]
[WhiteElo "2438"]
[BlackElo "2512"]
[PlyCount "69"]

1. d4 d5 2. c4 c6 3. cxd5 cxd5 4. Bf4 Nf6 5. Nc3 Nc6 6. e3 Bg4
7. Qb3 Na5 8. Qa4+ Bd7 9. Qc2 Rc8 10. Bd3 e6 11. h3 b5 12. a3
Be7 13. Nf3 O-O 14. O-O Nc4 15. Ne5 Be8 16. Rfc1 a6 17. Qe2
Nd7 18. Nxd7 Qxd7 19. a4 Qb7 20. axb5 axb5 21. e4 Bc6 22. exd5
exd5 23. b3 Na3 24. Be5 f5 25. Qh5 Bd7 26. Qf3 Be6 27. Qe2 b4
28. Ba6 Qd7 29. Bxc8 Rxc8 30. Na4 Bf7 31. Nb6 Rxc1+ 32. Rxc1
Qe6 33. Rc8+ Bf8 34. Qa6 h5 35. Qa8 1-0

[Event "World Rapid Championship (Women)"]
[Site "Doha QAT"]
[Date "2016.12.26"]
[EventDate "2016.12.26"]
[Round "2.11"]
[Result "1-0"]
[White "Antoaneta Stefanova"]
[Black "Maka Purtseladze"]
[WhiteElo "2512"]
[BlackElo "2347"]
[PlyCount "77"]

1. d4 Nf6 2. Nf3 e6 3. e3 b6 4. Bd3 Bb7 5. O-O Be7 6. c4 c5
7. Nc3 cxd4 8. exd4 d6 9. d5 e5 10. Ne1 Nbd7 11. f4 O-O
12. Nf3 b5 13. cxb5 h6 14. Bc4 Rc8 15. Bb3 Nc5 16. Bc2 e4
17. Ne1 Re8 18. Be3 Bf8 19. a4 a6 20. Ra3 axb5 21. axb5 Qd7
22. h3 Qc7 23. Bb1 Ncd7 24. Qd4 Qc4 25. Ra7 Qxd4 26. Bxd4 Rb8
27. Nc2 Nc5 28. Nb4 Nb3 29. Be3 Ba8 30. Bc2 Nc5 31. Rfa1 Nd3
32. Nc6 Bxc6 33. dxc6 Nxb2 34. Bb3 d5 35. Nxd5 Nxd5 36. Bxd5
Be7 37. b6 Nd3 38. c7 Rbc8 39. Bc6 1-0